000 01371cam a2200457 a 4500
999 _c3637
_d3637
001 986894
003 OSt
005 20240319084552.0
008 220511s2021 enka b 001 0 eng d
020 _a9781474953160
_q(hardcover) :
040 _aTWTCL
_beng
_cTWTCL
_eaacr
041 0 _aeng
042 _anbic
082 0 _a551.46 MAR
100 1 _aMartin, Jerome.
_eAuthor
245 1 0 _a100 things to know about the oceans /
_cwritten by Jerome Martin ; illustrated by Dominique Byron.
264 1 _aLondon :
_bUsborne Publishing Ltd.,
_c2021.
300 _a128 pages :
_bcolor illustration ;
_c25 cm.
336 _atext
_btxt
_2rdacontent.
337 _aunmediated
_bn
_2rdamedia.
338 _avolume
_bnc
_2rdacarrier.
500 _aIncludes index.
650 0 _aOcean
_vJuvenile literature.
650 0 _aSeas
_vJuvenile literature.
650 0 _aMarine ecology
_vJuvenile literature.
650 0 _aMarine animals
_xJuvenile literature.
653 _aEnglish Learning.
653 _a青少年
653 _aKF.
700 1 _aFrith, Alex.
700 1 _aJames, Alice.
700 1 _aCook, Lan.
700 1 _aLacey, Minna.
700 1 _aCope, Lizzie.
700 1 _aByron, Dominique.
700 1 _aMurray, Dale Edwin.
700 1 _aMariani, Federico,
_d1974-
700 1 _aNielsen, Shaw.
700 1 _aWilliams, Jake.
942 _2ddc
_cNFIC